| 000 | 01492cam a2200349 a 4500 | ||
|---|---|---|---|
| 001 | 4414872 | ||
| 003 | OSt | ||
| 005 | 20140310184408.0 | ||
| 008 | 930104s1993 nyu j 000 1 eng | ||
| 010 | _a 93019913 | ||
| 020 |
_a059047412X : _c$13.95 |
||
| 040 |
_aDLC _cDLC _dDLC |
||
| 042 | _alcac | ||
| 050 | 0 | 0 |
_aPZ 7 _b.P52112Fr 1993 |
| 082 | 0 | 0 | _a[Fic] |
| 100 | 1 |
_aPhilbrick, W. R. _q(W. Rodman) _925864 |
|
| 245 | 1 | 0 |
_aFreak the Mighty / _cRodman Philbrick. |
| 260 |
_aNew York, N.Y. : _bBlue Sky Press, _c1993. |
||
| 300 |
_a169 p. ; _c22 cm. |
||
| 520 | _aAt the beginning of eighth grade, learning disabled Max and his new friend Freak, whose birth defect has affected his body but not his brilliant mind, find that when they combine forces they make a powerful team. | ||
| 521 | _aG9 | ||
| 526 | _c1000 | ||
| 650 | 1 |
_aLearning disabilities _xFiction. _925865 |
|
| 650 | 1 |
_aPeople with disabilities _vFiction. _925866 |
|
| 650 | 1 |
_aFriendship _xFiction. _925867 |
|
| 856 | 4 | 2 |
_3Contributor biographical information _uhttp://www.loc.gov/catdir/enhancements/fy1106/93019913-b.html |
| 856 | 4 | 2 |
_3Publisher description _uhttp://www.loc.gov/catdir/enhancements/fy1117/93019913-d.html |
| 906 |
_a7 _bcbc _corignew _d1 _eocip _f19 _gy-gencatlg |
||
| 942 |
_2lcc _cBK-SCHOLAS |
||
| 999 |
_c34066 _d34066 |
||